| 000 | 01793nam0a2200385 4500 | ||
|---|---|---|---|
| 001 | RU\NLR\bibl\1461921 | ||
| 005 | 20260406043525.0 | ||
| 010 |
_a978-5-217-03453-6 _9500 |
||
| 021 |
_aRU _b2009-94342 _95977 |
||
| 035 | _a(nilc)RSL-KNO-004417857 | ||
| 035 | _a(NLR Aleph) 001453677 | ||
| 090 |
_a1539095 _c1539095 |
||
| 100 | _a20091120d2009 |||y0rusy50 ca | ||
| 101 | 0 | _arus | |
| 102 | _aRU | ||
| 105 | _ay ||||||||| | ||
| 200 | 1 |
_aФилософские и прикладные вопросы методологии искусственного интеллекта _f[Н. И. Юсупова, М.С. Кунафин, А.Ф. Кудряшев и др. _gнауч. ред.: Кудряшев А. Ф., Юсупова Н. И.] |
|
| 210 |
_aМосква _cМашиностроение _d2009 |
||
| 215 |
_a212 с. _cил., табл. _d21 |
||
| 300 | _aАвт. указаны на обороте тит. л. | ||
| 320 | _aБиблиогр.: с. 195-211 | ||
| 606 | 1 |
_aИскусственный интеллект _xФилософские вопросы _92143210 _3RU\NLR\auth\661291508 |
|
| 686 |
_aЮ252:З81,0 _2rubbk |
||
| 686 |
_aЗ813.в,0 _2rubbk |
||
| 686 | _aЮ212.25 | ||
| 701 | 1 |
_aЮсупова _bН. И. _gНафиса Исламовна _4070 |
|
| 701 | 1 |
_4070 _7ca _8rus _aКунафин _bМ. С. _f1957- _gМарат Самирханович _971669 _3RU\NLR\auth\7788741 |
|
| 701 | 1 |
_4070 _7ca _8rus _aКудряшев _bА. Ф. _gАлександр Федорович _9113561 _3RU\NLR\auth\773566 |
|
| 702 | 1 |
_4340 _7ca _8rus _aКудряшев _bА. Ф. _gАлександр Федорович _9113561 _3RU\NLR\auth\773566 |
|
| 801 | 0 |
_aRU _bРГБ _c20091120 _grcr |
|
| 801 | 1 |
_aRU _bРГБ _c20091120 |
|
| 801 | 2 |
_aRU _bNLR _c20100118 _grcr |
|
| 942 | _cBOOK | ||
| 980 | _aNB | ||